[Event "Sigeman & Co 06th"]
[Site "Malmo"]
[Date "1998.06.15"]
[Round "7"]
[White "Andersson, Ulf"]
[Black "Hansen, Curt"]
[Result "1/2-1/2"]
[WhiteElo "2635"]
[BlackElo "2595"]
[Annotator "Yudasin,L"]
[PlyCount "107"]
[EventDate "1998.06.09"]
[EventType "tourn"]
[EventRounds "9"]
[EventCountry "SWE"]
[EventCategory "13"]
[SourceTitle "CBM 066"]
[Source "ChessBase"]
[SourceDate "1998.09.30"]
[SourceVersion "1"]
[SourceVersionDate "1998.09.30"]
[SourceQuality "1"]

1. Nf3 g6 2. d4 Bg7 3. e4 d6 4. Be2 Nf6 5. Nc3 O-O 6. O-O c6 (6... Bg4) (6...
a6 7. a4 Nc6) 7. h3 (7. a4 a5 8. Be3 Na6) 7... Qc7 (7... b5 8. e5 Nfd7 9. exd6
(9. Bf4 dxe5 10. dxe5 Qc7 (10... Nc5 11. b4 Ne6 12. Bg3 a5 13. a3 {/\Ne4}) 11.
Qd4) 9... exd6 10. Bf4 $14) 8. Bf4 Nbd7 (8... Nh5 9. Bh2 e5 10. Qd2 {/\g4}) 9.
e5 dxe5 (9... Ne8 10. exd6 exd6 11. Qd2 $14) 10. Nxe5 (10. dxe5 Nh5 11. Bh2
Nxe5 12. Kh1 Qa5) 10... Nxe5 (10... Qd8 11. Bf3 Nb6 12. Re1 Nbd5 13. Bh2 $14)
11. Bxe5 (11. dxe5 Nd7 $2 (11... Rd8 $4 12. exf6 $18) (11... Ne8 12. Qd4 Qb6
13. Qxb6 axb6 14. Rad1 $14) (11... Nd5 $1 12. Nxd5 cxd5 13. Qxd5 Qxc2 $10 (
13... Be6 14. Qe4 Bf5 15. Qc4 Qxc4 16. Bxc4 Bxc2 17. Bd5 Rfd8 18. Bxb7 $6 Rab8
$15)) 12. e6 Ne5 13. exf7+ $16) 11... Qa5 (11... Qb6 12. Na4 Qa5 13. c3 $14)
12. Re1 Bf5 13. Bf3 Rfe8 14. a3 $1 Rac8 (14... Rad8 $2 15. b4 Qb6 16. Na4 Qb5
17. Nc5) 15. Qd2 Nd7 $1 16. b4 Qd8 17. Bxg7 Kxg7 18. Rad1 $14 Nf6 19. Na4 (19.
Re5 Qc7 {/\Rcd8}) 19... Qc7 20. g4 (20. c4 Rcd8 {/\Bc8}) 20... Bd7 21. c4 $36 {
/\g5,h4,Nc5} (21. g5 Nd5 22. c4 Nb6 {/\c4,h3}) 21... h6 $1 22. Nc5 Rcd8 23.
Qe3 (23. b5 cxb5 24. cxb5 Bxb5 25. Nxb7 Rb8 26. Rc1 Qd7 27. Nc5 Qd6 28. a4 Bd7
29. Nxd7 Nxd7 30. Rc6 Qa3 $13) 23... Bc8 24. Nd3 $1 Rd6 $6 (24... a5 25. Ne5
axb4 26. axb4 Nd7 $14) 25. Ne5 Be6 26. h4 (26. Qd3 {/\c5,Ng6} Red8 $6 (26...
Qc8 $1) 27. Qc3 Re8 28. h4 $40) 26... Qc8 27. Qf4 {/\g5,Kg2,Rh1} (27. g5 hxg5
28. hxg5 Ng4 29. Bxg4 Bxg4 30. f3 Bf5 {/\f6}) (27. Qc3 Kg8) 27... b5 $1 28.
Nxc6 (28. c5 Nd5 29. Qe4 (29. Qc1 Rdd8 30. g5 hxg5 31. hxg5 f6 $132) 29... Rdd8
30. Nxg6 Nc3 31. Qe5+ f6 (31... Kxg6 32. Rd3 (32. d5 Nxd5 $2 (32... Rxd5 33.
Qxc3 Rxd1 34. Be4+ f5 $13) (32... cxd5 33. Qxc3 Bxg4 34. Qd3+ Bf5 35. Qxb5 e6
$13) (32... Bxd5 33. Qxc3 Bxf3 34. Qxf3 Rxd1 35. Rxd1 Qe6 $13) 33. Be4+ f5 $8
34. gxf5+ Bxf5 35. h5+ Kg5 36. Kh1 $18) 32... Rd5 33. Qf4 Na4 $13) 32. Qxe6
Qxe6 33. Rxe6 Nxd1 34. Nxe7 $2 (34. h5 Rxd4 35. Bxc6 Rxg4+ 36. Kf1 Rd8 37.
Rxe7+ Kg8 38. Bd7 $18) 34... Kf7) (28. cxb5 cxb5 29. Rc1 Qa6) 28... Bxc4 $8 (
28... Rxc6 29. Bxc6 Qxc6 30. d5) (28... Bxg4 29. Nxa7) 29. g5 (29. Nxa7 Qd7) (
29. Nxe7 Qd7 30. g5 Rxe7) (29. d5 Nxd5 $2 (29... Bxd5 30. Nxe7 Qd7 (30... Qd8
31. Nxd5 Rxe1+ 32. Rxe1 Nxd5 33. Qe5+ f6 34. Qe2 $16) 31. g5 (31. Nxd5 Nxd5 (
31... Rxe1+ 32. Rxe1 Nxd5 33. Qe5+ $16) 32. Qd4+ Nf6 33. Qxd6 Rxe1+ 34. Kg2
Rxd1 35. Qxd1 Qxd1 (35... Qe7 36. Qd4 $16) 36. Bxd1 $16) 31... hxg5 32. hxg5
Rxe7) (29... Qc7 $1 30. g5 hxg5 31. hxg5 Nxd5 32. Bxd5 (32. Rxd5 Rxc6 (32...
Bxd5 33. Bxd5 e5 $1) 33. Qd4+ Kg8 34. Rd7 $16) 32... Bxd5 33. Rxd5 Rxc6 $10)
30. Bxd5 Bxd5 31. Nxe7 $18) 29... hxg5 30. hxg5 Rxc6 $5 (30... Ng8 31. d5 (31.
Ne5 Qf5 32. Qg3 f6 33. gxf6+ $36) 31... Qf5 32. Qxf5 gxf5 $13) 31. Bxc6 Qxc6
32. gxf6+ Qxf6 33. Qxf6+ Kxf6 34. Kg2 (34. Re5 Rd8 $6 (34... a5 $1 $10) 35. Rc5
Rd6 36. Rc7 a6 $14) 34... a5 $1 $10 35. bxa5 (35. Ra1 axb4 36. axb4 Rd8 37.
Ra6+ e6 38. Rd1 Rd5) 35... Bd5+ 36. Kg3 Ra8 37. Re3 Rxa5 38. Rb1 e6 39. f3 Ke7
40. Rb4 g5 41. f4 (41. Kg4 Kf6 42. Rc3 Ba2 43. Rc5 Rxa3 44. Rbxb5 Bd5 $10 (
44... Rd3 $10)) 41... gxf4+ 42. Kxf4 f6 43. Rc3 Kd6 44. Ke3 Bc6 45. Rb2 Ra7 46.
Rh2 Ra4 47. Rh6 f5 48. Rh8 b4 49. axb4 Rxb4 50. Rd8+ Ke7 51. Rc8 f4+ $1 52.
Kxf4 (52. Kd3 Bd5 53. R3c7+ Kd6 54. Rf7 f3 55. Rcc7 Bc6 $10) 52... Rxd4+ 53.
Ke3 Re4+ 54. Kd2 {Yudasin} 1/2-1/2

[Event "CZE-ch"]
[Site "Zlin"]
[Date "1998.06.14"]
[Round "2"]
[White "Blatny, Pavel"]
[Black "Konopka, Michal"]
[Result "0-1"]
[WhiteElo "2560"]
[BlackElo "2445"]
[Annotator "Yudasin,L"]
[PlyCount "72"]
[EventDate "1998.06.13"]
[EventType "tourn"]
[EventRounds "11"]
[EventCountry "CZE"]
[EventCategory "9"]
[SourceTitle "CBM 066"]
[Source "ChessBase"]
[SourceDate "1998.09.30"]
[SourceVersion "1"]
[SourceVersionDate "1998.09.30"]
[SourceQuality "1"]

1. Nf3 g6 2. e4 Bg7 3. d4 d6 4. Nc3 Nf6 5. Be2 O-O 6. O-O c6 7. a4 Bg4 (7... a5
) 8. Be3 Nbd7 9. Qd2 (9. h3 Bxf3 10. Bxf3 e5 11. Re1 Re8 12. Qd2 a5) 9... Qc7 (
9... a5 10. e5 $6 (10. Rad1) 10... dxe5 $2 11. dxe5 Nh5) 10. Rfd1 (10. Rad1)
10... Rfd8 11. Bh6 (11. Ne1 $5 Bxe2 12. Qxe2 e5 13. d5 (13. dxe5 dxe5 14. Nd3
$14) 13... cxd5 14. exd5 $13) 11... e5 (11... Bh8 12. h3 Bxf3 13. Bxf3 e5 14.
dxe5 dxe5 $10 15. a5) 12. Bxg7 Kxg7 13. Ng5 Bxe2 14. Qxe2 $10 h6 (14... a5 15.
f4 $6 exd4 16. Rxd4 Qb6 17. Qd2 h6 18. Nf3 d5 19. exd5 Nxd5 20. Nxd5 cxd5 21.
b3 Nf6 $10) 15. Nf3 a5 16. Rd2 Re8 17. d5 $5 (17. Rad1 exd4 18. Rxd4 d5) (17.
dxe5 dxe5 $10) 17... Nc5 (17... cxd5 18. Nxd5 Nxd5 19. Rxd5 Nf6 $10) 18. Qc4 (
18. dxc6 Qxc6 19. Re1 Nxa4 20. Nxa4 Qxa4 21. Rxd6 Qb4 22. Rdd1 Qxb2 23. Rb1 Qc3
24. Rxb7 a4 $17) (18. b3 Rad8 19. Rad1 $10) 18... Rad8 (18... Qb6 19. dxc6 bxc6
(19... Qxc6 20. Re1 $14) 20. Rxd6 Qb4 21. Qxb4 axb4 22. Ne2 $10) 19. Rad1 Qb6
20. dxc6 (20. b3 Qb4 21. dxc6 Qxc4 22. bxc4 bxc6 23. Rxd6 Rxd6 24. Rxd6 Nfxe4
25. Nxe4 Nxe4 26. Rxc6 Rb8 27. g4 Rb1+ 28. Kg2 Rb2 29. Nxe5 Rxc2 30. Nd3 Rd2
31. Kf3 Rxd3+ 32. Kxe4 Ra3 $10) 20... bxc6 $6 (20... Qxc6 21. Re1) 21. Rxd6
Rxd6 22. Rxd6 Qxb2 $1 23. g3 (23. Qxc5 Nxe4) 23... Ne6 $1 24. Rxc6 (24. Nxe5
Qxc2 25. Rxc6 Ng5 $40 26. f4) 24... Qxc2 25. Kg2 (25. Nxe5 Ng5) 25... Rd8 (
25... Ng4 26. Qe2 Qxe2 27. Nxe2 $16) 26. h3 (26. Nxe5 Rd2) 26... g5 $132 27.
Ne1 (27. Ne2 Qxe4 28. Qxe4 Nxe4 29. Nxe5 Rd2 30. Kf3 N6c5 31. Nc4 $10) 27...
Qd2 28. Nf3 Qc2 29. Qb5 $6 (29. Ne1 $10) 29... g4 30. hxg4 (30. Nxe5 gxh3+ (
30... Nd4 31. Qc4) 31. Kxh3 Qxf2) 30... Nxg4 31. Qb6 $4 (31. Qe2 Qxe2 32. Nxe2
Rb8 $10) 31... Rb8 32. Nd5 (32. Qa7 Rb7 33. Qxb7 Qxf2+ 34. Kh3 Qxf3 35. Rxe6
Nf2+ 36. Kh2 Nh1) 32... Qe2 33. Qxb8 Qxf2+ 34. Kh3 Qxf3 $19 35. Rxe6 Nf2+ 36.
Kh2 Qh1# {Yudasin} 0-1

[Event "Politiken zt"]
[Site "Munkebo"]
[Date "1998.09.11"]
[Round "1.2"]
[White "Thorhallsson, Throstur"]
[Black "Petursson, Margeir"]
[Result "0-1"]
[WhiteElo "2495"]
[BlackElo "2555"]
[Annotator "Yudasin,L"]
[PlyCount "105"]
[EventDate "1998.09.10"]
[EventType "k.o."]
[EventRounds "5"]
[EventCountry "DEN"]
[SourceTitle "CBM 067"]
[Source "ChessBase"]
[SourceDate "1998.11.30"]
[SourceVersion "2"]
[SourceVersionDate "1998.11.01"]
[SourceQuality "1"]

1. e4 g6 2. d4 Bg7 3. Nc3 d6 4. Be3 a6 5. a4 (5. f4 b5 6. Bd3 Bb7 7. Nf3 b4 8.
Ne2 Nf6 9. e5 Nd5 10. Bd2 e6 $14) 5... Nf6 6. h3 (6. Nf3) 6... O-O 7. Nf3 b6 8.
e5 (8. Bc4 Bb7 (8... e6 {/\Bb7,c5}) 9. e5 Ne4 10. Nxe4 Bxe4 11. Ng5 Bxg2 12.
Rg1 Bb7 13. e6 f5 14. h4 $40) 8... Nfd7 (8... dxe5 9. dxe5 Qxd1+ (9... Nfd7 10.
Qd5 Ra7 11. e6 $16) 10. Rxd1 Nfd7 11. Nd5 (11. e6 fxe6 12. Ng5 Ne5 13. f4 Nf7)
(11. Bf4 e6 12. Bd3 Bb7 13. Be4 Nc5 14. Bxb7 Nxb7 15. Ne4 $36) 11... Nxe5 12.
Nxc7 (12. Nxe7+ Kh8 13. Nxe5 Bxe5 14. Nxc8 Rxc8 15. c3 $14) 12... Nxf3+ 13.
gxf3 Ra7 14. Bxb6 Rb7 15. a5 Bxb2 $13) 9. exd6 cxd6 10. g3 $6 (10. Be2 Bb7 11.
O-O Nc6 (11... Nf6 12. d5 Nbd7 $132 {/\Rc8,Rc3!?,/\Nc5-e4}) 12. d5 Nce5 13.
Nxe5 Nxe5 14. f4 Nd7 15. Bd4 $14) 10... Bb7 11. Bg2 Nc6 12. O-O Nf6 13. Ng5 $6
(13. d5 Na5 (13... Nb4 $1 14. Ne1 Rc8 15. Bd4 Rc4 $36) 14. b3 Rc8 15. Bd4 b5
16. axb5 axb5 17. Nxb5 Bxd5 18. c4 (18. Bxf6 Bxf3 19. Bxe7 Bxd1 20. Bxd8 Rfxd8
21. Rxa5 Bxc2) 18... Nxb3 (18... Nxc4 19. Na7 $16) (18... Ba8 $14) 19. cxd5
Nxa1 20. Qxa1 Qd7 $13) (13. Re1) 13... d5 14. Nf3 (14. Re1 h6 15. Nf3) 14...
Ne4 $5 (14... Rc8 15. Re1 e6 $15) 15. Nxe4 dxe4 16. Nd2 Nxd4 $6 (16... f5 17.
c3 Kh8 18. Qb3 $13) (16... Bxd4 17. Bxd4 Nxd4 18. c3 Ne6 $10) 17. Nxe4 Rb8 (
17... e5 18. Nf6+) (17... Nf5 18. Qxd8 Rfxd8 19. Bxb6) 18. c3 Nf5 19. Qxd8 (19.
Bf4 e5 20. Bg5 Qxd1 21. Raxd1 f6 22. Bc1 Bc6 23. b3 Rfc8 $15) 19... Rfxd8 20.
Bf4 (20. Bxb6 Bxe4 21. Bxd8 Bxg2) 20... e5 21. Bg5 Bxe4 $1 (21... Rd3 22. Rad1)
22. Bxe4 f6 23. Bxf5 $5 (23. Bc1 Kf7 24. Bc2 $13) 23... gxf5 24. Be3 Kf7 $10
25. Rfd1 Rxd1+ 26. Rxd1 Ke6 27. Kf1 Bf8 28. Ke2 Bd6 29. c4 (29. Kf3 Bc7 30. c4)
29... h5 30. h4 Bc7 (30... Bc5 31. Rd5 Rc8 $10) 31. Rd3 $5 (31. b4 f4 32. gxf4
exf4 33. Bd4 (33. Bc1 Bd6 34. b5 axb5 35. axb5 Rc8 36. Kd3 Kf5 $17) 33... Be5 (
33... Bd6 34. b5 axb5 35. axb5 Be5 36. f3 $14) 34. Bxe5 (34. c5 $1 $14) 34...
fxe5 35. c5 $132) 31... f4 $1 32. gxf4 exf4 33. Bc1 $6 (33. Bd4 Be5 34. b3 $10)
33... Rg8 $1 34. Rd5 Be5 35. Kf3 (35. a5 b5 36. Rc5 Kd6 37. Rd5+ Kc6 38. b3
bxc4 39. bxc4 Rg4) (35. b4 Rg4 $17 {/\f3,Rh4}) 35... Rg4 36. a5 $1 (36. Rd8
Rxh4 37. Ra8 a5 38. c5 $132) 36... b5 37. Rd8 bxc4 38. Ra8 (38. Rc8 Kd5) 38...
Rxh4 39. Rxa6+ Kd5 40. Rb6 $4 (40. Ra8 Rh3+ (40... Rh1 41. Bxf4 Bxb2 42. a6 Ra1
43. a7) 41. Kg2 Rb3 42. a6 f3+ 43. Kh3 Kc6 44. Rc8+ Kb6 $10) 40... Rh3+ 41. Kg2
Rb3 $1 $19 42. Rxb3 $8 cxb3 43. Kh3 Kc6 44. Kh4 Kb5 45. Kxh5 Kxa5 46. Kg4 Kb5
47. Kf3 Kc4 48. Ke4 f3 (48... Bd4 49. f3 Be5 $19) 49. Ke3 f5 50. Kxf3 Kd3 51.
Bg5 Bxb2 52. Be7 Kc2 53. Bd6 {53...Bc3 54.Ba3 Bb4 Ending white play not so bad,
but withhout plan Yudasin} 0-1

[Event "Excelsior Cup"]
[Site "Gothenburg"]
[Date "1998.01.15"]
[Round "9"]
[White "Brynell, Stellan"]
[Black "Gavrikov, Viktor"]
[Result "1/2-1/2"]
[WhiteElo "2475"]
[BlackElo "2555"]
[Annotator "Yudasin,L"]
[PlyCount "96"]
[EventDate "1998.01.07"]
[EventType "tourn"]
[EventRounds "9"]
[EventCountry "SWE"]
[EventCategory "9"]
[SourceTitle "CBM 063"]
[Source "ChessBase"]
[SourceDate "1998.03.26"]
[SourceVersion "1"]
[SourceVersionDate "1998.03.26"]
[SourceQuality "1"]

1. e4 g6 2. d4 Bg7 3. Nc3 c6 4. Nf3 d6 (4... d5 5. h3 Nh6 $5) 5. a4 Nf6 (5...
Nd7 $5 {/\e5}) 6. h3 O-O 7. Be3 Qc7 (7... a5) (7... Nbd7 8. Bd3 e5) 8. a5 (8.
Bc4 Nxe4) (8. Be2 a5 {/\Na6-b4}) 8... Nbd7 9. Qd2 (9. Bd3 e5 10. O-O Re8 11.
Re1 exd4 12. Bxd4 Ne5 13. Bf1 $14) 9... e5 10. dxe5 Nxe5 11. Nxe5 dxe5 12. Bc4
Rd8 13. Qe2 Nh5 $1 14. g3 (14. O-O Nf4 15. Qf3 Ne6 $15 (15... Be6 $15)) 14...
Bf8 $1 15. Ra4 (15. h4 Bb4 16. a6 b5 17. Bb3 Ng7 {/\N,Be6}) 15... Ng7 16. h4
Be6 (16... Ne6 17. h5 Nd4 18. Qd1 Nf5 19. Qf3 Nxe3 20. Qxe3 $13 {/\hg6,Qg5,Qf3}
) 17. O-O b5 (17... Bxc4 18. Qxc4 {/\Nd5,Nb5}) 18. axb6 axb6 19. Rfa1 $1 Rxa4
20. Rxa4 b5 (20... Qb7 21. Bxe6 Nxe6 22. Qa6 Qxa6 23. Rxa6 Nd4 24. Rxb6 Nxc2
25. Rxc6 (25. Bg5 Rc8 26. Bf6 Nd4 27. Kg2 Bg7 $10) 25... Nxe3 26. fxe3 Rb8 $10)
21. Ra7 Qc8 22. Bxe6 Nxe6 23. Qf3 Rd7 24. Rxd7 Qxd7 25. Qd1 $10 Qe8 (25... Nd4
26. Kg2 {/\Ne2,c3}) 26. h5 (26. Ne2 Nc5 27. f3 $10) 26... f6 27. hxg6 hxg6 28.
Kg2 Qf7 29. f3 f5 30. exf5 gxf5 31. g4 $6 (31. Qd3 $10) 31... fxg4 32. fxg4 Qg6
33. Kg3 Bh6 $1 34. Qd2 $6 (34. Bxh6 Qxh6 35. Qf3 Nd4 36. Qe4 Qg5 $15) 34...
Bf4+ $1 35. Bxf4 exf4+ 36. Kf3 Qh6 $5 (36... Qh7 37. Qd6 Qh3+ $36 38. Ke4 $2 (
38. Kf2 Qe3+ (38... Qxg4 39. Ne4 Qh4+ 40. Kg2 $132) 39. Kf1 Qc1+ 40. Nd1 Kf7
41. g5 $132) 38... Qxg4 39. Ke5 f3 $17) 37. Qd7 (37. Kg2 $4 f3+) (37. Ne4 Qh3+
38. Kf2 Qh2+ 39. Kf3 (39. Kf1 Qh1+ $19) 39... Ng5+ $19) 37... Qh3+ 38. Kf2 (38.
Ke4 $4 Nc5+) 38... Qe3+ 39. Kf1 Nd4 $15 (39... Qc1+ 40. Kf2 (40. Nd1 Nf8 41.
Qd3 $10) 40... Qxc2+ 41. Kf3 Qb3 42. Qe8+ Nf8 43. Qxc6 $10) 40. g5 $1 $132 f3 (
40... Qc1+ 41. Kg2 Qxc2+ (41... f3+ 42. Kh3 Qh1+ 43. Kg4 Qg2+ 44. Kh5 Qh2+ 45.
Kg4 $10) 42. Kh3 Qd3+ 43. Kg4 Qg3+ 44. Kh5 Qh2+ 45. Kg4 $10) (40... Qf3+ 41.
Kg1 Qg3+ 42. Kf1 $10) 41. Qd8+ Kh7 42. Qf6 $1 Qc1+ 43. Kf2 Qd2+ (43... Qxc2+
44. Ke3 Nf5+ 45. Kf4 (45. Kxf3) 45... Ng7 46. g6+ Qxg6 47. Qxg6+ Kxg6 48. Kxf3
$15) 44. Kg3 Qg2+ 45. Kh4 Qh2+ 46. Kg4 Qg2+ 47. Kh4 Qh2+ 48. Kg4 Qg2+ 1/2-1/2

[Event "CRO-ch 6th"]
[Site "Pula"]
[Date "1998.01.21"]
[Round "12"]
[White "Kovacevic, Vlatko"]
[Black "Nikolac, Juraj"]
[Result "1-0"]
[WhiteElo "2520"]
[BlackElo "2435"]
[Annotator "Yudasin,L"]
[PlyCount "72"]
[EventDate "1998.01.09"]
[EventType "tourn"]
[EventRounds "13"]
[EventCountry "CRO"]
[EventCategory "9"]
[SourceTitle "CBM 064"]
[Source "ChessBase"]
[SourceDate "1998.06.02"]
[SourceVersion "1"]
[SourceVersionDate "1998.06.02"]
[SourceQuality "1"]

1. Nf3 g6 2. d4 Bg7 3. e4 d6 4. Bc4 Nf6 5. Qe2 O-O 6. Nc3 c6 7. a4 {Very rare
move.White usually plays 7.e5} (7. e5 Nd5 8. exd6 (8. Bd2 $14 dxe5 9. dxe5 Nxc3
(9... Bg4 10. h3 Bxf3 11. Qxf3 e6 12. Qe2 Nd7 13. f4 Qh4+ 14. Qf2 Qxf2+ 15.
Kxf2 f6 16. exf6 Bxf6 17. Rae1 b5 18. Bb3 Nc5 19. g3 a5 20. a3 Nxb3 21. cxb3 b4
22. axb4 axb4 23. Na4 Bd4+ 24. Kf3 e5 25. Re2 g5 26. Rc1 gxf4 27. Rxc6 fxg3+
28. Kxg3 Kh8 29. Rd6 Nf4 30. Rh2 Nh5+ 31. Kh4 Ng7 32. Kg4 Rf1 33. h4 Raf8 34.
Rg2 Nf5 35. Rd7 Rg8+ 36. Bg5 Ne3+ 37. Kh3 Nxg2 38. Kxg2 Rgf8 39. Rd8 R1f2+ 40.
Kg3 Rxd8 41. Bxd8 e4 {0-1 Sermek,D-Nogueiras,J/Moscow olm 1994}) 10. Bxc3 b5
11. Bb3 (11. Bd3 $5) 11... Na6 12. e6 (12. h4 Bg4 13. h5 Bxh5 14. Rxh5 gxh5 15.
Ng5 h6 $17 16. Nxf7 Rxf7 17. Qxh5 Qf8 $19) (12. h3 $5 {/\0-0}) 12... Bxc3+ 13.
bxc3 f6 14. h4 Nc5 15. h5 g5 16. O-O Qb6 17. Nd4 a5 18. Nf5 Re8 (18... a4 $5
19. Nxe7+ Kh8 20. Ng6+ hxg6 21. hxg6 g4 $8 22. e7 Re8 23. Bf7 $13) 19. a3 Nxb3
20. cxb3 c5 (20... Qc5 $142 $132) 21. Rfe1 Ra6 22. h6 Qxe6 (22... Bxe6 23. Ng7
$18) 23. Qxb5 Qf7 24. Ng7 Rf8 25. Qxc5 $16 e5 26. b4 Bd7 27. Rad1 Rc8 28. Qe3
Ba4 29. Rd3 Qg6 30. Qf3 e4 31. Rxe4 Bc2 32. Rc4 $1 {1-0 Rublevsky,S-Markowski,
T/Rubinstein mem 1996}) 8... exd6 9. Bxd5 cxd5 10. O-O Re8 11. Be3 Nc6 12. Nxd5
Bg4 13. c3 Qa5 14. Nf4 g5 15. Nd3 Qf5 16. Rfd1 Re4 17. Nde1 Rae8 18. Qd3 d5 19.
Nxg5 Rxe3 20. Qxf5 Rxe1+ 21. Rxe1 Rxe1+ 22. Rxe1 Bxf5 23. Re8+ Bf8 24. b4 a6
25. a4 f6 26. Ne6 Bxe6 27. Rxe6 Kf7 28. Re2 Ne7 29. f4 Nf5 30. Kf2 h5 31. g3
Nd6 {Sulava,N-Faraoni,E/Open, Torino ITA 1998/1/2-1/2 (56)}) 7... d5 $146 {
A new move.In two previous games Black tried two other moves:} (7... Qc7 8. e5
Ne8 9. Bg5 d5 10. Bd3 e6 11. h4 h6 12. Be3 c5 13. dxc5 Nc6 14. Nb5 Qd8 15. Qd2
Nxe5 16. Nxe5 Bxe5 17. Bxh6 Bg7 18. Bxg7 Nxg7 19. Qh6 a6 20. h5 Nf5 21. Bxf5
exf5 22. hxg6 Qe7+ 23. Kf1 fxg6 24. Qh8+ {1-0 Casagrande,H-Androsch,G/Aschach
op 1993}) (7... a5 8. O-O d5 9. Bd3 dxe4 10. Nxe4 Bg4 11. c3 Nbd7 12. Bg5 Qc7
13. h3 Bxf3 14. Qxf3 Rfe8 15. Rfe1 Nd5 16. Qg3 Qxg3 17. fxg3 f5 18. Nf2 e5 19.
dxe5 Nxe5 20. Bf1 {1/2-1/2 Koch,T-Guldner,K/Neukoelln 1990}) 8. Bb3 (8. Bd3 $5)
8... Bg4 $1 {[%csl Rd4][%cal Gd5e4]} (8... dxe4 $5 9. Nxe4 Nxe4 10. Qxe4 Bf5
11. Qf4 Na6 $5 {[%cal Ga6b4,Gc6c5]}) 9. e5 Nfd7 {[%csl Rd4,Re5] /\e6 and then
c5;><d4,e5} 10. h3 Bxf3 11. gxf3 (11. Qxf3 e6 {[%csl Re5][%cal Gc6c5]}) 11...
e6 {[%csl Re5][%cal Gc6c5]} 12. f4 c5 $15 13. h4 (13. Be3 Nc6 $1 14. O-O-O cxd4
(14... c4 $5 15. Ba2 Nb4) 15. Bxd4 f6 $1 16. Nxd5 {Otherwise Black is better.}
(16. exf6 Nxd4 $1 17. Rxd4 Qxf6 $15 {[%csl Rf4]}) 16... fxe5 $1 (16... Nxd4 17.
Rxd4 fxe5 (17... exd5 $2 18. Rxd5 $1 $18) 18. Nf6+ $3 Qxf6 (18... Rxf6 $2 19.
fxe5 {[%cal Gb3e6]}) 19. Rxd7 Qxf4+ 20. Kb1 $44 {[%csl Rb7,Re6][%cal Rd7g7]})
17. fxe5 (17. Bxe5 Ndxe5 18. fxe5 exd5 19. Rxd5 (19. Bxd5+ Kh8 20. Bxc6 Qg5+)
19... Qg5+) 17... exd5 18. Bxd5+ Kh8 19. Bxc6 bxc6 20. e6 Qg5+ $8 (20... Bxd4
21. Rxd4 Qg5+ 22. f4 $1 Rxf4 23. Qd2 $1 $18) 21. Be3 Qe5 $1 $19 22. Rxd7 (22.
exd7 Qxb2+ 23. Kd2 Qb4+ 24. Kd3 (24. Kc1 Bb2+ 25. Kb1 Bc3+ 26. Kc1 Qb2#) 24...
Qc3+ 25. Ke4 Qe5+ 26. Kd3 Qd5+ 27. Bd4 Qxd4#) 22... Qxb2+ 23. Kd2 Qc3+ 24. Kd1
Qa1+ 25. Bc1 (25. Kd2 Qxh1) 25... Bh6 $1 $19) (13. dxc5 Nxc5 14. Ba2 d4 $5 {
[%cal Gd4d3]} (14... f6) (14... f6 $5 {[%csl Rf2,Rf4,Rh3]})) 13... Nc6 $1 14.
dxc5 (14. Nb5 $2 a6) 14... Nxc5 (14... Nd4 $5 15. Qd1 (15. Qe3 Nxb3 16. cxb3
Qa5 $1 $17 {[%cal Gd7c5]}) 15... Nxb3 16. cxb3 Nxc5 $17) 15. h5 (15. Ba2 d4 16.
Qb5 (16. Nb5 d3 (16... Qa5+ $5 {[%cal Ga5a4]}) 17. cxd3 Nxd3+ $17) 16... dxc3
17. Qxc5 Qd4 $1 (17... Nd4 18. Qxc3 Rc8 19. Bc4) 18. Qxd4 Nxd4 $17) 15... Nd4
$17 16. Qd1 Nf5 $2 {Achiving this almost wining position Black starts to play
badly and finally loses.} (16... Ndxb3 $1 17. cxb3 d4 18. b4 $8 (18. Nb5 Qd5
19. Rh3 d3 $19 {[%csl Rb3,Re1]}) (18. Ne2 Qd5 19. Rh3 d3 $19) 18... dxc3 $1 19.
Qxd8 (19. bxc5 Qxd1+ (19... cxb2 20. Bxb2 Qa5+ $19) 20. Kxd1 Rfd8+ 21. Kc2 cxb2
22. Bxb2 Rac8 $19) 19... Rfxd8 20. bxc5 cxb2 $1 21. Bxb2 Rac8 22. Rc1 Rd5 23.
Ba3 Rd4 $19 {and Black wins easily in the endgame.}) (16... Ncxb3 17. cxb3 Nf5
$17) 17. Ra3 {White is planning to play Ba2,then Ne2 and Rh3,but Black doesn't
take the attack very seriously.} Rc8 18. Ba2 Qb6 19. hxg6 hxg6 20. Rh2 (20. Ne2
Ne4 21. Rh2 f6) 20... Rfd8 21. Kf1 d4 22. Ne2 Qc6 23. a5 Qe4 $6 {[%cal Gd4d3]}
(23... Na6 $1 {[%csl Rc2]} 24. Bb1 Nb4 $17 {[%csl Rc2]}) 24. Bc4 $1 Qc6 25.
Rah3 {Now White get some counterplay.} Qa4 26. b3 Qa1 $6 (26... Qxa5 $142) 27.
Kg2 {[%cal Gd1h1,Rh3h8]} Qxa5 {Black loses tempo after tempo,but the position
is still not so bad.} 28. Rh7 {[%cal Gd1h1,Ge2g3,Rh7g7] Now White's plan is
very simple:1)to play Qh1,2)to change knighs by playing Ng3 and finally to
sacrifice exchange on g7.Black has to play quickly.} Qb6 $2 {Probably a
decisive mistake.Black had to try 28...b5 or 28...d3.Following variations show
a complexity of the position.} (28... b5 $5 29. Qh1 Kf8 30. Ng3 bxc4 31. Nxf5
exf5 32. Rxg7 Kxg7 33. Rh7+ Kf8 34. Qh4 Ke8 35. Qf6 Qc7 36. Qh8+ Ke7 37. Qf6+)
(28... d3 $5 29. Qh1 Kf8 30. Ng3 (30. cxd3 $5) 30... Nxg3 $1 (30... d2 31. Nxf5
gxf5 (31... exf5 $2 32. Rxg7 $18) 32. Rxg7 Kxg7 33. Rh7+ Kf8 34. Qh5 Qc7 35.
Rh8+ Ke7 36. Qg5+ Kd7 37. Bb5+ $18) 31. fxg3 (31. Kxg3 d2 32. Rxg7 Kxg7 33.
Rh7+ Kf8 34. Qh4 Ke8 35. Qf6 $140 $4 Ne4+) 31... d2 32. Rxg7 Kxg7 33. Rh7+ Kf8
34. Qh4 Ke8 $8 35. Rxf7 $3 (35. Qf6 Kd7 $1 36. Qxf7+ (36. Bd5 Kc7 $1) 36... Kc6
) 35... Kxf7 36. Qf6+ Ke8 37. Bxe6 $1 {The point of the previous combinations.
Black is two rooks up,but can't defend against perpetual check.} Nxe6 (37...
Rd7 38. Qh8+ Ke7 39. Qf6+ $11) (37... Rc7 $4 38. Qxg6+ Kf8 39. Qg8+ Ke7 40.
Qf7#) 38. Qxe6+ $11) 29. Qh1 {[%cal Gh7h8]} Qc6+ 30. f3 Kf8 $8 31. Ng3 Nxg3 32.
Kxg3 {Now Black doesn't have any good defence against 33.R:g7.} b5 33. Rxg7 {
[%cal Rh2h8,Rg7f7]} Kxg7 $8 34. Rh7+ Kf8 35. Qh4 $1 (35. Qh6+ $5 {also wins}
Ke8 36. Qg7 Rc7 37. Bxb5 $1 Qxb5 38. Qg8+ Kd7 39. Qxf7+ Kc6 40. Qxc7+ Kd5 41.
Qxd8+) 35... Ke8 $8 36. Qf6 $1 Qc7 (36... Qc7 37. Bxb5+ Nd7 38. Rh8#) (36...
Qb7 37. Bxb5+ $1) (36... Rc7 37. Rh8+ Kd7 38. Qxd8#) 1-0

[Event "New York op"]
[Site "New York"]
[Date "1997.??.??"]
[Round "?"]
[White "Kaidanov, Gregory S"]
[Black "Ehlvest, Jaan"]
[Result "1/2-1/2"]
[WhiteElo "2590"]
[BlackElo "2635"]
[Annotator "Yudasin,L"]
[PlyCount "32"]
[EventDate "1997.04.02"]
[EventType "swiss"]
[EventRounds "9"]
[EventCountry "USA"]
[SourceTitle "CBM 059"]
[Source "ChessBase"]
[SourceDate "1997.08.01"]
[SourceVersion "1"]
[SourceVersionDate "1997.08.01"]
[SourceQuality "1"]

1. d4 g6 2. e4 d6 3. Nc3 c6 4. Nf3 Bg7 5. Bc4 Nf6 6. e5 (6. Bb3 $1 O-O 7. O-O
Bg4 8. h3 Bxf3 9. Qxf3 Nbd7 10. Be3 e5 11. Rad1 Qe7 12. Rfe1 Nh5 $14 {
Medina-Szabo,Zolingen,1968}) 6... dxe5 7. Nxe5 O-O 8. O-O Nbd7 9. Bg5 Nb6 10.
Bb3 a5 $146 (10... Nfd5 11. Nf3 a5 12. a4 Be6 13. Ne4 Nf6 14. Bxf6 exf6 15.
Bxe6 fxe6 16. Re1 Re8 17. Nc5 Qc8 18. c3 Nd5 19. Qb3 b6 20. Nd3 $11 {
Tseshkovsky,V-Van der Wiel,J/Sochi 1980}) 11. a4 (11. a3 $5 a4 12. Ba2 Nbd5 13.
Ne2 $13) 11... Nbd5 12. Re1 $6 (12. Qe2 $1 Be6 13. Rab1 $1 Nxc3 14. bxc3 Bxb3
15. Rxb3 $14) 12... Be6 13. Qe2 (13. Rb1 $5) 13... Nxc3 14. bxc3 Bxb3 15. cxb3
Re8 16. Rad1 Qb6 (16... Qb6 17. Qc4 e6 18. Bxf6 Bxf6 19. Nd7 Qd8 20. Nxf6+ Qxf6
21. Re3 $11) 1/2-1/2